[Event "40. Turnaj sachovych nadeji - U9"]
[Site "ND Frydek-Mistek, Czech Republic"]
[Date "2019.04.20"]
[Round "5"]
[White "Gorej, Vojtech"]
[Black "Yarotski, Aliaksei"]
[Result "1-0"]
[WhiteElo "1276"]
[BlackElo "1167"]
[PlyCount "0"]
[EventDate "2019.04.18"]

1. e4 e6 2. d4 d5 3. Nd2 dxe4 4. Nxe4 Nc6 5. Nf3 Be7 6. Bf4 Nf6 7. Nxf6+ Bxf6
8. c3 O-O 9. Bd3 Re8 10. O-O e5 11. dxe5 Nxe5 12. Bxe5 Bxe5 13. Nxe5 Qg5 14. f4
Qf6 15. Qc2 h6 16. g3 b5 17. Be4 Rb8 18. Bd5 Rf8 19. Bxf7+ Rxf7 20. Nxf7 Qxf7
21. Rfe1 Be6 22. b3 Bf5 23. Qe2 Kf8 24. Rad1 h5 25. Qe5 a6 26. Qc5+ Kg8 27. Qd5
Bg4 28. Qxf7+ Kxf7 29. Rd2 a5 30. Kf2 Be6 31. Re5 a4 32. b4 g6 33. a3 Rb6 34.
Rc5 c6 35. Re5 Rb7 36. Rd4 Rc7 37. Ke3 Bd5 38. Kd2 Bc4 39. Rc5 Bf1 40. Re5 Kf6
41. Rd6+ Kf7 42. Ree6 Bc4 43. Rf6+ Ke7 44. Rxg6 Bf7 45. Kc2 Bxg6+ 46. Rxg6 Kf7
47. Rh6 Re7 48. Rh7+ Kf6 49. Rxe7 Kxe7 50. Kd3 Kd6 51. Kd4 c5+ 52. bxc5+ Kc6
53. f5 Kd7 54. f6 b4 55. cxb4 Ke6 56. c6 Kxf6 57. c7 Ke7 58. c8=Q Kd6 59. Qa6+
Kc7 60. Kd5 h4 61. Qa7+ Kd8 62. Kd6 h3 63. Qa8# 1-0

[Event "40. Turnaj sachovych nadeji - U9"]
[Site "ND Frydek-Mistek, Czech Republic"]
[Date "2019.04.21"]
[Round "7"]
[White "Roubal, Matyas"]
[Black "Letal, Hynek"]
[Result "0-1"]
[WhiteElo "1040"]
[BlackElo "1025"]
[PlyCount "0"]
[EventDate "2019.04.18"]

1. e4 c5 2. Nf3 e6 3. Nc3 Nf6 4. d4 cxd4 5. Nxd4 Nc6 6. Nxc6 bxc6 7. Bd3 Bb4 8.
Bd2 O-O 9. O-O d5 10. Re1 Bc5 11. Bg5 Qb6 12. Rf1 Qxb2 13. Na4 Qb4 14. Nxc5
Qxc5 15. Bxf6 gxf6 16. Qg4+ Kh8 17. e5 fxe5 18. Qh5 e4 19. Bxe4 f5 20. Bd3 Qe7
21. Rfe1 Qg7 22. Rad1 Rg8 23. g3 Qg5 24. Qxg5 Rxg5 25. Re5 Rb8 26. f4 Rg7 27.
a4 Rb4 28. a5 Ra4 29. a6 Re7 30. Bxf5 Rxa6 31. Bd3 Rb6 32. Rde1 Reb7 33. Rh5 a5
34. f5 Rb1 35. Rxb1 Rxb1+ 36. Kf2 Rb7 37. fxe6 Bxe6 38. Re5 Bf7 39. Ke3 a4 40.
Kf4 a3 41. Re1 a2 42. c3 Kg7 43. Ra1 Rb2 44. h4 h6 45. Ke3 Kf6 46. Rf1+ Ke6 47.
Ra1 Rg2 48. Kf4 Kf6 49. Rf1 Bh5 50. Ra1 Rd2 51. Bh7 d4 52. cxd4 Rxd4+ 53. Ke3
Rg4 54. Kf2 Bf7 55. Kf3 Bh5 56. Kf2 Bf7 57. Kf3 Rg7 58. Be4 c5 59. Bc2 Ke5 60.
Rd1 Be6 61. Re1+ Kd4 62. Rxe6 a1=Q 63. Re4+ Kc3 0-1

[Event "40. Turnaj sachovych nadeji - U9"]
[Site "ND Frydek-Mistek, Czech Republic"]
[Date "2019.04.22"]
[Round "8"]
[White "Letal, Hynek"]
[Black "Gorej, Vojtech"]
[Result "1/2-1/2"]
[WhiteElo "1025"]
[BlackElo "1276"]
[PlyCount "0"]
[EventDate "2019.04.18"]

1. e4 e6 2. Nf3 d5 3. exd5 exd5 4. d4 Nf6 5. Nc3 c6 6. Be2 Bd6 7. Bg5 O-O 8.
O-O Re8 9. Qd3 Bg4 10. Rfe1 Nbd7 11. Bh4 Qc7 12. Bg3 Bxg3 13. fxg3 Re7 14. Ng5
Bxe2 15. Rxe2 Rxe2 16. Nxe2 h6 17. Nf3 Re8 18. Re1 Nb6 19. b3 Qd6 20. c4 dxc4
21. bxc4 Nbd7 22. Qb3 Qc7 23. Qa4 a6 24. Qa3 Nb6 25. Qa5 Nbd5 26. Qxc7 Nxc7 27.
Ne5 Rd8 28. Rb1 b5 29. Nxc6 Re8 1/2-1/2

[Event "40. Turnaj sachovych nadeji - U12"]
[Site "ND Frydek-Mistek, Czech Republic"]
[Date "2019.04.18"]
[Round "1"]
[White "Paseka, Matyas"]
[Black "Ticha, Sofie"]
[Result "1-0"]
[WhiteElo "1910"]
[BlackElo "1203"]
[PlyCount "0"]
[EventDate "2019.04.18"]

1. e4 c5 2. Nf3 e6 3. d4 cxd4 4. Nxd4 Nf6 5. Nc3 Bb4 6. e5 Nd5 7. Bd2 Qa5 8.
Ncb5 O-O 9. c3 Be7 10. c4 Qb6 11. cxd5 a6 12. d6 Bd8 13. Nc7 Bxc7 14. dxc7 Qxd4
15. cxb8=Q Rxb8 16. Bc3 Qe4+ 17. Qe2 Qd5 18. Qc4 Qxc4 19. Bxc4 b5 20. Bd3 Bb7
21. O-O Rbc8 22. Bb4 Rfd8 23. Bd6 Bd5 24. a4 Rc6 25. axb5 axb5 26. Bxb5 Rc2 27.
b4 h6 28. Ra7 Rdc8 29. Rxd7 Rc1 30. Rd8+ Rxd8 31. Rxc1 Ra8 32. h3 f6 33. exf6
gxf6 34. Bf4 e5 35. Bxh6 Rb8 36. Bc4 Bxc4 37. Rxc4 Kf7 38. Bd2 Rd8 39. Rc2 Ra8
40. b5 Ra1+ 41. Kh2 Rb1 42. Rc5 Rb2 43. Be3 Ke6 44. Rc6+ Ke7 45. b6 Rb1 46. h4
e4 47. h5 Kf7 48. h6 Kg8 49. Rc7 f5 50. h7+ Kh8 51. Bd4# 1-0

[Event "40. Turnaj sachovych nadeji - U12"]
[Site "ND Frydek-Mistek, Czech Republic"]
[Date "2019.04.18"]
[Round "1"]
[White "Sikorova, Jana"]
[Black "Nemec, Jachym"]
[Result "0-1"]
[WhiteElo "1187"]
[BlackElo "1853"]
[PlyCount "0"]
[EventDate "2019.04.18"]

1. d4 d5 2. Bf4 e6 3. Nf3 c5 4. e3 Nc6 5. c4 Nf6 6. Nc3 cxd4 7. cxd5 dxc3 8.
dxc6 Qxd1+ 9. Rxd1 Bb4 10. Ke2 bxc6 11. bxc3 Bxc3 12. Rc1 Nd5 13. Be5 Bxe5 14.
Nxe5 Rb8 15. Nxc6 Rb2+ 16. Kf3 Bb7 17. e4 Nf6 18. Bd3 O-O 19. Nxa7 Ra8 20. Nb5
Raxa2 21. Rhf1 h5 22. Kg3 Bxe4 23. Rc8+ Kh7 24. Bc4 Ra4 25. f3 Rxc4 26. Rxc4
Bd3 27. Nd6 Bxf1 28. Rc8 Rxg2+ 29. Kh3 Rg4# 0-1

[Event "40. Turnaj sachovych nadeji - U12"]
[Site "ND Frydek-Mistek, Czech Republic"]
[Date "2019.04.18"]
[Round "1"]
[White "Smolik, Jachym"]
[Black "Pesek, Antonin"]
[Result "1-0"]
[WhiteElo "1675"]
[BlackElo "1185"]
[PlyCount "0"]
[EventDate "2019.04.18"]

1. d4 d5 2. Bf4 Nf6 3. e3 e6 4. Nd2 Nc6 5. Ngf3 Bd6 6. Ne5 O-O 7. Bb5 Bxe5 8.
dxe5 Nd7 9. Nf3 a6 10. Bd3 h6 11. c3 b5 12. a3 Bb7 13. h4 f6 14. Nd4 Re8 15.
Qg4 Ncxe5 16. Bxe5 Nxe5 17. Qe2 Nxd3+ 18. Qxd3 c5 19. Ne2 e5 20. Ng3 Qe7 21.
Qg6 Qf7 22. Qg4 d4 23. Nf5 Qf8 24. Nxh6+ Kh7 25. Nf5 g6 26. Ng3 dxe3 27. h5
exf2+ 28. Kxf2 g5 29. Qf5+ Kh8 30. h6 Bc8 31. Qe4 Ra7 32. Nh5 Ree7 33. Rad1 Rf7
34. Qg6 Bg4 35. Qg7+ Qxg7 36. hxg7+ Rxg7 37. Nxf6+ Rh7 38. Rd8+ 1-0

[Event "40. Turnaj sachovych nadeji - U12"]
[Site "ND Frydek-Mistek, Czech Republic"]
[Date "2019.04.18"]
[Round "2"]
[White "Jasso, Matej"]
[Black "Paseka, Matyas"]
[Result "0-1"]
[WhiteElo "1358"]
[BlackElo "1910"]
[PlyCount "0"]
[EventDate "2019.04.18"]

1. d4 d5 2. c4 e6 3. Nc3 c5 4. cxd5 exd5 5. Nf3 Nc6 6. Bf4 Nf6 7. e3 c4 8. Be2
Bb4 9. O-O O-O 10. a3 Bxc3 11. bxc3 Ne4 12. Qc2 Bf5 13. Qb2 Na5 14. Bd1 a6 15.
Bc2 Rc8 16. Ne5 f6 17. Nf3 h5 18. Rfd1 g5 19. Bg3 h4 20. Bxh4 gxh4 21. Nxh4 Bh7
22. f3 Nd6 23. Bxh7+ Kxh7 24. e4 f5 25. Nxf5 Nxf5 26. exf5 Nb3 27. Rab1 Qg5 28.
g4 Rxf5 29. Qe2 Rcf8 30. h4 Qg6 31. Rf1 Rxf3 32. g5 Qf5 33. Rxf3 Qg4+ 34. Kf2
Qxh4+ 35. Kg2 Qg4+ 36. Kf2 Qxf3+ 37. Qxf3 Rxf3+ 38. Kxf3 Nd2+ 0-1

[Event "40. Turnaj sachovych nadeji - U12"]
[Site "ND Frydek-Mistek, Czech Republic"]
[Date "2019.04.18"]
[Round "2"]
[White "Nemec, Jachym"]
[Black "Jayawarna, Tarini"]
[Result "1-0"]
[WhiteElo "1853"]
[BlackElo "1335"]
[PlyCount "0"]
[EventDate "2019.04.18"]

1. e4 e6 2. d4 d5 3. Nc3 Bb4 4. e5 c5 5. Bd2 cxd4 6. Nb5 Bc5 7. Qg4 g6 8. b4
Bf8 9. Nf3 Nc6 10. a3 a6 11. Nbxd4 Nxd4 12. Nxd4 Bg7 13. f4 Ne7 14. Bd3 O-O 15.
O-O Bd7 16. Be3 Rc8 17. Rab1 Nc6 18. Nb3 a5 19. b5 Ne7 20. Qe2 Be8 21. Qf2 f6
22. Bb6 Qd7 23. Nc5 Rxc5 24. Qxc5 fxe5 25. fxe5 Rxf1+ 26. Rxf1 Bxe5 27. Bxa5
Nf5 28. Bxf5 gxf5 29. Bb4 Qg7 30. Qc8 Qf7 31. Re1 Bd4+ 32. Kh1 Kg7 33. Qxe6
Qxe6 34. Rxe6 Bxb5 35. Re7+ Kg6 36. Rxb7 Be2 37. Rd7 f4 38. Rd6+ Kf5 39. Rxd5+
Ke4 40. Rd8 f3 41. Rxd4+ Kxd4 42. gxf3 Bxf3+ 43. Kg1 Bd1 44. c3+ Kc4 45. Kf2
Ba4 46. Ke3 Bc2 47. h4 Ba4 48. Kf4 Bc2 49. Kg5 Ba4 50. Kh6 Bc2 51. a4 Kd5 52.
a5 Kc6 53. Kg5 Bd3 54. Kf6 Kb5 55. Ke6 Kc6 56. Ke5 Kb5 57. Kd6 Be2 58. Kc7 Ka6
59. Kc6 Bd3 60. Kc5 Be2 61. c4 Bf3 62. Bd2 Bh5 63. Kc6 Be8+ 64. Kc7 Ba4 65. c5
Bb5 66. c6 Ka7 67. Be3+ Ka6 68. Bb6 h5 69. Bd4 Kxa5 70. Kb7 Ba6+ 71. Kb8 Kb5
72. c7 Kc6 73. c8=Q+ Bxc8 74. Kxc8 Kd5 75. Bf6 Ke6 76. Bg5 Kf5 77. Kd7 Kg6 78.
Ke6 Kg7 79. Kf5 Kh7 80. Kf6 Kh8 81. Kg6 Kg8 82. Kxh5 Kh7 83. Bf6 Kg8 84. Kg6
Kf8 85. h5 Kg8 86. h6 Kf8 87. h7 Ke8 88. h8=Q+ Kd7 89. Qf8 Kc6 90. Qd8 Kc5 91.
Be5 Kc4 92. Qd4+ Kb5 93. Qc3 Kb6 94. Bd6 Kb7 95. Qc7+ Ka8 96. Qb8# 1-0

[Event "40. Turnaj sachovych nadeji - U12"]
[Site "ND Frydek-Mistek, Czech Republic"]
[Date "2019.04.18"]
[Round "2"]
[White "Hrbek, Jachym"]
[Black "Smolik, Jachym"]
[Result "0-1"]
[WhiteElo "1340"]
[BlackElo "1675"]
[PlyCount "0"]
[EventDate "2019.04.18"]

1. c4 c5 2. Nf3 g6 3. Nc3 Bg7 4. d4 cxd4 5. Nxd4 Nc6 6. e3 Nf6 7. Be2 O-O 8.
O-O Nxd4 9. exd4 d5 10. b3 dxc4 11. bxc4 Be6 12. Be3 Ne8 13. Rc1 b6 14. a3 Nd6
15. c5 Nf5 16. d5 Nxe3 17. fxe3 Bxc3 18. dxe6 Qxd1 19. Bxd1 Bd2 20. exf7+ Kg7
21. Ra1 Bxe3+ 22. Kh1 Bxc5 23. Bb3 e5 24. h3 Bd4 25. Ra2 Rac8 26. Be6 Rc3 27.
a4 e4 28. Re1 e3 29. Ree2 Kf6 30. Bd5 Ke5 31. Bf3 Rxf7 32. a5 b5 33. Rab2 Rc1+
34. Kh2 Bxb2 35. Rxb2 Rc5 36. a6 Rf6 37. Bb7 Rf2 38. Rb1 e2 39. Re1 Kd4 40. Bf3
Ke3 41. Kg3 Rxf3+ 42. gxf3 Rg5+ 43. Kh4 Rg2 44. Ra1 Kf2 45. Ra2 Kf1 46. Ra1+
e1=Q+ 0-1

[Event "40. Turnaj sachovych nadeji - U12"]
[Site "ND Frydek-Mistek, Czech Republic"]
[Date "2019.04.19"]
[Round "3"]
[White "Paseka, Matyas"]
[Black "Fizer, Marek"]
[Result "1-0"]
[WhiteElo "1910"]
[BlackElo "1605"]
[PlyCount "0"]
[EventDate "2019.04.18"]

1. e4 c5 2. Nf3 Nc6 3. d4 cxd4 4. Nxd4 Nf6 5. Nc3 d6 6. Bg5 e6 7. Qd2 a6 8.
O-O-O Bd7 9. f3 b5 10. Nxc6 Bxc6 11. Ne2 h6 12. Be3 Rc8 13. Nd4 Bd7 14. Bd3 e5
15. Ne2 Be6 16. Nc3 Qa5 17. a3 Be7 18. Kb1 Nd7 19. g4 Qc7 20. h4 Nc5 21. g5 h5
22. g6 Nxd3 23. Qxd3 Qc4 24. gxf7+ Bxf7 25. Qd2 Rb8 26. Nd5 Bxd5 27. Qxd5 Qxd5
28. Rxd5 Kd7 29. Rg1 Bxh4 30. Rxg7+ Be7 31. Bg5 Rbe8 1/2-1/2

[Event "40. Turnaj sachovych nadeji - U12"]
[Site "ND Frydek-Mistek, Czech Republic"]
[Date "2019.04.19"]
[Round "3"]
[White "Ulcak, Michael"]
[Black "Nemec, Jachym"]
[Result "0-1"]
[WhiteElo "1416"]
[BlackElo "1853"]
[PlyCount "0"]
[EventDate "2019.04.18"]

1. e4 c5 2. Nc3 d6 3. g3 Nc6 4. d3 g6 5. Bg2 Bg7 6. Be3 e6 7. Qd2 Nge7 8. f4
Rb8 9. Nf3 O-O 10. O-O b5 11. Rab1 b4 12. Ne2 Qb6 13. g4 f5 14. h3 d5 15. Ng3
fxe4 16. dxe4 d4 17. Bf2 Ba6 18. Rfd1 Rbd8 19. Ng5 Na5 20. e5 Nc4 21. Qc1 h6
22. N5e4 Nd5 23. Ne2 Nce3 24. Bxe3 Nxe3 25. Re1 Bxe2 26. Rxe2 Rxf4 27. Rxe3
dxe3 28. Qxe3 Bxe5 0-1

[Event "40. Turnaj sachovych nadeji - U12"]
[Site "ND Frydek-Mistek, Czech Republic"]
[Date "2019.04.19"]
[Round "3"]
[White "Smolik, Jachym"]
[Black "Pressler, Tobias"]
[Result "1-0"]
[WhiteElo "1675"]
[BlackElo "1561"]
[PlyCount "0"]
[EventDate "2019.04.18"]

1. e4 e5 2. Bc4 Nf6 3. d3 Bc5 4. Nf3 d6 5. c3 O-O 6. b4 Bb6 7. O-O c6 8. a4 Re8
9. Nbd2 Bg4 10. a5 Bc7 11. Qc2 d5 12. Bb3 Nbd7 13. Bb2 Nf8 14. c4 d4 15. h3 Bd7
16. c5 h6 17. Nh2 Be6 18. Rae1 Bxb3 19. Qxb3 Ne6 20. g3 g5 21. Kg2 Kg7 22. Nc4
Nd7 23. Qd1 Ndf8 24. Qg4 Ng6 25. Bc1 Qe7 26. Kh1 Kh7 27. h4 gxh4 28. Qh5 Kg8
29. Bxh6 Ng7 30. Qf3 Rf8 31. Ng4 f5 32. Bxg7 fxg4 33. Bxf8 Qh7 34. Qxg4 hxg3+
35. Kg2 Qh2+ 36. Kf3 Rxf8+ 37. Ke2 Rxf2+ 38. Rxf2 Qxf2+ 39. Kd1 1-0

[Event "40. Turnaj sachovych nadeji - U12"]
[Site "ND Frydek-Mistek, Czech Republic"]
[Date "2019.04.19"]
[Round "4"]
[White "Clarkson, George"]
[Black "Paseka, Matyas"]
[Result "1-0"]
[WhiteElo "1651"]
[BlackElo "1910"]
[PlyCount "0"]
[EventDate "2019.04.18"]

1. e4 c5 2. Nf3 d6 3. c3 Nf6 4. Bd3 Nbd7 5. O-O b6 6. Bc2 Bb7 7. Re1 Qc7 8. d4
cxd4 9. cxd4 Rc8 10. Nc3 e6 11. Ba4 Be7 12. e5 dxe5 13. Nxe5 O-O 14. Nb5 Qb8
15. Bf4 Qa8 16. Nxd7 Nxd7 17. Nc7 Rxc7 18. Bxc7 Nf6 19. f3 Nd5 20. Be5 Bg5 21.
Qd3 Qc8 22. Bc2 f5 23. Bb3 Ba6 24. Qc2 Qd7 25. Bxd5 Qxd5 26. Qc7 Rf7 27. Qb8+
Qd8 28. f4 Bf6 29. Red1 Rd7 30. Qxd8+ Bxd8 31. Rac1 Bb7 32. Bb8 a5 33. Rc3 b5
34. Rc5 b4 35. Be5 Bd5 36. Rc8 1-0

[Event "40. Turnaj sachovych nadeji - U12"]
[Site "ND Frydek-Mistek, Czech Republic"]
[Date "2019.04.19"]
[Round "4"]
[White "Nemec, Jachym"]
[Black "Warchol, Kamil"]
[Result "1-0"]
[WhiteElo "1853"]
[BlackElo "1609"]
[PlyCount "0"]
[EventDate "2019.04.18"]

1. e4 e5 2. Nf3 Nc6 3. Bc4 Bc5 4. b4 Bxb4 5. c3 Be7 6. d4 Bf6 7. dxe5 Nxe5 8.
Nxe5 Bxe5 9. Qh5 Qf6 10. O-O d6 11. Qe2 Qe7 12. f4 Bf6 13. Ba3 g6 14. Re1 Bd7
15. e5 Bg7 16. Qd2 O-O-O 17. exd6 Qf6 18. dxc7 Kxc7 19. Qf2 b6 20. Nd2 Bc6 21.
Rac1 Rd7 22. Ne4 Bxe4 23. Rxe4 Ne7 24. Bb5 Rhd8 25. Bxd7 Rxd7 26. Bxe7 Rxe7 27.
Rc4+ Kb8 28. Rd1 Rc7 29. Rxc7 Kxc7 30. c4 Bf8 31. Qd2 Bd6 32. Rf1 h5 33. Qd3
Bc5+ 34. Kh1 h4 35. f5 g5 36. Qd5 Bd6 37. Re1 Bb4 38. Rd1 Bd6 39. a4 a5 40. c5
bxc5 41. Rb1 Qe5 42. Qxf7+ Kd8 43. Qg8+ Kc7 44. Qb8+ Kd7 45. Qb7+ Kd8 46. Qa8+
Kd7 47. Qb7+ Bc7 48. Rd1+ Ke7 49. f6+ Kxf6 50. Qc6+ Ke7 51. Rd7+ Kf8 52. Qf3+
Qf4 53. Rxc7 Qxf3 54. gxf3 c4 55. Rxc4 Ke7 56. Rc6 Kd7 57. Rh6 Ke7 58. Kg2 Kf7
59. Ra6 Ke7 60. Kh3 Kd7 61. Kg4 h3 62. Kxg5 Kc7 63. Kf5 Kb7 64. Rh6 Kc7 65. Ke5
Kd7 66. Rg6 Kc7 67. Kd5 Kb7 68. Kc5 Ka7 69. Rb6 Ka8 70. f4 Ka7 71. f5 Ka8 72.
f6 Ka7 73. f7 Ka8 74. f8=Q+ Ka7 75. Qb8# 1-0

[Event "40. Turnaj sachovych nadeji - U12"]
[Site "ND Frydek-Mistek, Czech Republic"]
[Date "2019.04.19"]
[Round "4"]
[White "Tesar, Jakub"]
[Black "Smolik, Jachym"]
[Result "1/2-1/2"]
[WhiteElo "1407"]
[BlackElo "1675"]
[PlyCount "0"]
[EventDate "2019.04.18"]

1. e4 c5 2. Nf3 Nc6 3. d4 cxd4 4. Nxd4 g6 5. Be3 Bg7 6. Nc3 Nf6 7. Be2 O-O 8.
Qd2 d5 9. exd5 Nxd5 10. Nxd5 Qxd5 11. Bf3 Qd7 12. Nxc6 bxc6 13. Qxd7 Bxd7 14.
O-O-O Bf5 15. Bxc6 Rab8 16. c3 Rbc8 17. Bd7 Rc7 18. Bxf5 gxf5 19. Rd3 e5 20. f4
f6 21. Rhd1 Rc4 22. g3 Re4 23. fxe5 fxe5 24. Bc5 Bh6+ 25. Kb1 Rf7 26. Rf3 Kg7
27. Rdf1 Kg6 28. h3 Re2 29. R3f2 Rxf2 30. Rxf2 f4 31. gxf4 exf4 32. Kc2 Kh5 33.
Kd3 Rg7 34. Ke4 Rg3 35. Rf3 Rg2 36. Bf2 Bg5 37. c4 Bh4 38. Bxh4 Kxh4 39. Rxf4+
Kxh3 40. Rf3+ Kh4 41. c5 Rxb2 42. Rc3 Rxa2 43. c6 Re2+ 44. Kd5 Re8 45. c7 Rc8
46. Kd6 Kg4 47. Kd7 Rxc7+ 48. Kxc7 h5 49. Rc4+ Kg3 50. Rc3+ Kg4 51. Rc6 h4 52.
Kd6 h3 53. Ke5 h2 54. Rg6+ Kf3 55. Rf6+ Kg2 56. Rg6+ Kf2 1/2-1/2

[Event "40. Turnaj sachovych nadeji - U12"]
[Site "ND Frydek-Mistek, Czech Republic"]
[Date "2019.04.20"]
[Round "5"]
[White "Clarkson, George"]
[Black "Nemec, Jachym"]
[Result "0-1"]
[WhiteElo "1651"]
[BlackElo "1853"]
[PlyCount "0"]
[EventDate "2019.04.18"]

1. e4 c5 2. Nf3 g6 3. c3 Bg7 4. d4 cxd4 5. cxd4 d5 6. e5 Bg4 7. Bb5+ Nd7 8. h3
Bxf3 9. Qxf3 e6 10. O-O a6 11. Bxd7+ Qxd7 12. Nc3 Ne7 13. b3 b5 14. Ba3 O-O 15.
Bc5 Rfc8 16. Rac1 Nc6 17. b4 Bf8 18. Qf4 Nxb4 19. Bxf8 Rxf8 20. h4 Nd3 21. Qf6
Nxc1 22. h5 Qd8 23. Rxc1 Qxf6 24. exf6 gxh5 25. Rd1 Rac8 26. Rd3 h6 27. Rg3+
Kh8 28. a3 Rg8 29. Rf3 Rg6 30. Kh2 Rc4 31. Ne2 b4 32. axb4 Rxb4 33. Rf4 Rg4 34.
Rf3 Re4 35. Nf4 Rbxd4 36. g3 Rxf4 37. gxf4 h4 38. Kh3 Kh7 39. Kxh4 e5 40. Kh5
Rxf4 41. Re3 e4 42. Rc3 Rxf6 0-1

[Event "40. Turnaj sachovych nadeji - U12"]
[Site "ND Frydek-Mistek, Czech Republic"]
[Date "2019.04.20"]
[Round "5"]
[White "Smolik, Jachym"]
[Black "Soucek, Jan"]
[Result "1/2-1/2"]
[WhiteElo "1675"]
[BlackElo "1525"]
[PlyCount "0"]
[EventDate "2019.04.18"]

1. d4 d5 2. c4 c6 3. cxd5 cxd5 4. Bf4 Nc6 5. e3 Qb6 6. Qb3 Qxb3 7. axb3 Bd7 8.
Nf3 Nf6 9. Nc3 Rc8 10. Be2 a6 11. O-O e6 12. Na4 Nb4 13. Rac1 Ne4 14. Rxc8+
Bxc8 15. Rc1 Nc6 16. Bxa6 Bd6 17. Bxd6 Nxd6 18. Bf1 Ke7 19. Ne5 Bd7 20. Nc5 Nb8
21. Ncxd7 Nxd7 22. Rc7 Rd8 23. f3 f6 24. Nxd7 Rxd7 25. Rc3 Rd8 26. Kf2 Kd7 27.
Ke1 Ra8 28. Rc1 Ra2 29. Rc2 g6 30. Kd2 Ra1 31. Rc1 Rxc1 32. Kxc1 b5 33. b4 Kc6
34. Kd2 f5 35. b3 g5 36. Bd3 Kd7 37. Ke2 Ke7 38. Kf2 Kf6 39. Kg3 h6 40. h3 Kg6
41. Kf2 Kf6 42. Ke2 Ke7 43. Kd2 Kd7 44. g4 Kc6 45. Ke2 Kd7 46. Kf2 Ke7 47. Kg3
Kf6 48. f4 Kg6 49. h4 Kf6 50. hxg5+ hxg5 51. fxg5+ Kxg5 52. gxf5 Nxf5+ 53. Kf3
Nd6 54. Kg3 Ne4+ 55. Kf3 Nd6 56. Bf1 Kf5 57. Bh3+ Kf6 58. Kf4 Ne8 59. Bf1 Nc7
60. Bd3 Ke7 61. Ke5 Kd7 62. Be2 Ke7 63. Bf1 Kd7 64. Bh3 Ke7 65. Bg4 Kd7 66. e4
dxe4 67. d5 e3 68. dxe6+ Ke7 69. Be2 Nxe6 70. Bxb5 Nc7 71. Bc4 Kd7 72. Kd4 Kc6
73. Kxe3 Ne8 74. Kd4 Nd6 75. Bd3 Nc8 76. b5+ Kb6 77. Kc4 Nd6+ 78. Kb4 Nb7 79.
Be4 Nc5 80. Bc6 Ne6 81. Kc4 Nc7 82. Bd7 Na8 83. Kb4 Nc7 84. Bc6 Ne6 85. Kc4 Nc7
86. Bd7 Na8 87. Bc8 Nc7 88. Ba6 Na8 89. Bb7 Kxb7 90. Kc5 Nc7 91. b6 Na8 92. b4
1/2-1/2

[Event "40. Turnaj sachovych nadeji - U12"]
[Site "ND Frydek-Mistek, Czech Republic"]
[Date "2019.04.20"]
[Round "5"]
[White "Buchta, Bartolomej"]
[Black "Tesar, Jakub"]
[Result "1-0"]
[WhiteElo "1582"]
[BlackElo "1407"]
[PlyCount "0"]
[EventDate "2019.04.18"]

1. e4 e5 2. Nf3 Nc6 3. Bb5 a6 4. Ba4 d6 5. c3 Nf6 6. O-O Bd7 7. Re1 Be7 8. d4
O-O 9. Nbd2 b5 10. Bb3 Bg4 11. h3 Bh5 12. d5 Na5 13. Bc2 Nc4 14. Nxc4 bxc4 15.
Qe2 Qd7 16. Bd1 Bxf3 17. Qxf3 a5 18. Be2 Qa4 19. Bd1 Qb5 20. a4 Qa6 21. Be2
Rfb8 22. Ra3 Nd7 23. b3 Nb6 24. Be3 c5 25. dxc6 d5 26. Raa1 Qc8 27. exd5 cxb3
28. Reb1 Qd8 29. Rxb3 Qxd5 30. Rxb6 e4 31. Rxb8+ Rxb8 32. Qg3 Bd6 33. Bf4 Rd8
34. Bxd6 Qxd6 35. c7 1-0

[Event "40. Turnaj sachovych nadeji - U12"]
[Site "ND Frydek-Mistek, Czech Republic"]
[Date "2019.04.21"]
[Round "6"]
[White "Nemec, Jachym"]
[Black "Buchta, Bartolomej"]
[Result "1-0"]
[WhiteElo "1853"]
[BlackElo "1582"]
[PlyCount "0"]
[EventDate "2019.04.18"]

1. e4 c5 2. Nf3 d6 3. d4 cxd4 4. Nxd4 Nf6 5. Nc3 a6 6. Bg5 Nbd7 7. f4 Qc7 8.
Qe2 e5 9. Nf5 h6 10. Bxf6 Nxf6 11. Ne3 Qc6 12. Ned5 Nxd5 13. exd5 Qb6 14. O-O-O
h5 15. h3 f6 16. fxe5 dxe5 17. Qe4 Rh6 18. Be2 Bd7 19. Bxh5+ Kd8 20. Bg4 Rc8
21. Bxd7 Kxd7 22. Qf5+ Kd8 23. d6 Qe3+ 24. Kb1 Rh4 25. d7 Rxc3 26. Qg6 Rd4 27.
Qe8+ Kc7 28. d8=Q+ Rxd8 29. Qxd8+ Kc6 30. bxc3 Qxc3 31. Qc8+ 1-0

[Event "40. Turnaj sachovych nadeji - U12"]
[Site "ND Frydek-Mistek, Czech Republic"]
[Date "2019.04.21"]
[Round "6"]
[White "Soucek, Jan"]
[Black "Paseka, Matyas"]
[Result "0-1"]
[WhiteElo "1525"]
[BlackElo "1910"]
[PlyCount "0"]
[EventDate "2019.04.18"]

1. e4 c5 2. Nf3 d6 3. d4 cxd4 4. Nxd4 Nf6 5. Nc3 a6 6. Be3 e5 7. Nf3 Qc7 8. a4
b6 9. Be2 Bb7 10. Nd2 Nbd7 11. f3 d5 12. exd5 Nxd5 13. Nxd5 Bxd5 14. Ne4 Qb7
15. Nc3 Bb4 16. O-O Bxc3 17. bxc3 O-O 18. Rb1 Qc6 19. c4 Be6 20. f4 Rfd8 21.
Rf3 Bxc4 22. f5 Nc5 23. Qf1 Bxe2 24. Qxe2 Nxa4 25. Rg3 Qe4 26. Rxg7+ Kh8 27.
Rxf7 Rd6 28. Re1 Rg8 29. g3 Qg4 30. Qxg4 Rxg4 31. Bf2 Rd5 32. Re7 Rg5 33. R1xe5
Rxf5 34. Rxf5 Rxf5 35. Ra7 a5 36. Bd4+ Kg8 37. Rg7+ Kf8 38. Rxh7 Nc5 39. Rh8+
Kf7 40. Rb8 Nd7 41. Rb7 Ke6 42. c3 a4 43. Ra7 Ra5 44. Bxb6 Rxa7 45. Bxa7 a3 46.
Bd4 Kd5 47. Kf2 a2 48. Ke3 Kc4 49. h4 a1=Q 50. h5 Qc1+ 51. Kf3 Qd1+ 52. Kf4
Qxh5 53. g4 Qg6 54. g5 Nf8 55. Kg4 Nh7 56. Kf4 Qxg5+ 57. Ke4 Nf6+ 58. Kf3 Qg4+
59. Ke3 Qe4+ 60. Kf2 Ng4+ 61. Kg3 Qf5 62. Kh4 Nf2 63. Kg3 Ne4+ 64. Kg2 Kd3 65.
Bg1 Ke2 66. c4 Qf3+ 67. Kh2 Qg3+ 0-1

[Event "40. Turnaj sachovych nadeji - U12"]
[Site "ND Frydek-Mistek, Czech Republic"]
[Date "2019.04.21"]
[Round "6"]
[White "Warchol, Kamil"]
[Black "Smolik, Jachym"]
[Result "1-0"]
[WhiteElo "1609"]
[BlackElo "1675"]
[PlyCount "0"]
[EventDate "2019.04.18"]

1. e4 c5 2. Nf3 Nc6 3. d4 cxd4 4. Nxd4 g6 5. Nc3 Bg7 6. Be3 Nf6 7. f3 O-O 8. g4
Ne8 9. Qd2 Qa5 10. h4 Qe5 11. O-O-O Nxd4 12. Bxd4 Qxd4 13. Qxd4 Bxd4 14. Rxd4
e6 15. Bb5 a6 16. Bxd7 Ng7 17. f4 b5 18. Bxc8 Raxc8 19. Rhd1 f5 20. g5 Nh5 21.
Ne2 e5 22. fxe5 f4 23. Rf1 f3 24. Ng1 f2 25. Ne2 Nf4 26. Nxf4 Rxf4 27. Kd2 Rxh4
28. Rxf2 Rg4 29. e6 Re8 30. Rd6 Rxg5 31. Rxa6 Re5 32. Ke3 R5xe6 33. Rxe6 Rxe6
34. Kd4 h5 35. Kd5 Re8 36. e5 Rf8 37. Rg2 Kg7 38. a4 bxa4 39. c4 h4 40. c5 h3
41. Rg1 Kf7 42. Rh1 Rh8 43. Kd6 Ke8 44. c6 Kd8 45. c7+ Kc8 46. e6 g5 47. e7 g4
48. Rf1 Rh6+ 49. Ke5 Kd7 50. e8=Q+ 1-0

[Event "40. Turnaj sachovych nadeji - U12"]
[Site "ND Frydek-Mistek, Czech Republic"]
[Date "2019.04.21"]
[Round "7"]
[White "Paseka, Matyas"]
[Black "Nemec, Jachym"]
[Result "1/2-1/2"]
[WhiteElo "1910"]
[BlackElo "1853"]
[PlyCount "0"]
[EventDate "2019.04.18"]

1. e4 c5 2. Nf3 g6 3. d4 cxd4 4. Nxd4 Bg7 5. Nc3 Nc6 6. Be3 Nf6 7. Bc4 Qa5 8.
O-O O-O 9. Bb3 d6 10. h3 Bd7 11. Re1 Rfc8 12. Nd5 Re8 13. Nxf6+ Bxf6 14. c3
Rad8 15. Qd3 a6 16. f4 e5 17. fxe5 Nxe5 18. Qf1 Bg7 19. Bf4 Be6 20. Nxe6 fxe6
21. Bg5 Rd7 22. Rad1 Ng4 23. Bh4 Qc5+ 24. Kh1 Qh5 25. Qf3 Qxh4 26. Qxg4 Qxg4
27. hxg4 Be5 28. Rf1 Rf7 29. Rxf7 Kxf7 30. Rf1+ Ke7 31. Rf3 Rg8 32. Rh3 Rg7 33.
Kg1 Rf7 34. Bd1 Kf6 35. Rf3+ Ke7 36. Kf2 Rf4 37. g5 b6 38. Ke3 Rg4 39. Rh3 Rg3+
40. Rxg3 Bxg3 41. Be2 a5 42. c4 e5 43. Kf3 Bf4 44. Kg4 Bc1 45. b3 Bd2 1/2-1/2

[Event "40. Turnaj sachovych nadeji - U12"]
[Site "ND Frydek-Mistek, Czech Republic"]
[Date "2019.04.21"]
[Round "7"]
[White "Clarkson, George"]
[Black "Warchol, Kamil"]
[Result "0-1"]
[WhiteElo "1651"]
[BlackElo "1609"]
[PlyCount "0"]
[EventDate "2019.04.18"]

1. e4 e5 2. Nf3 Nc6 3. Bb5 a6 4. Ba4 Nf6 5. d3 b5 6. Bb3 Be7 7. O-O d6 8. h3
O-O 9. c3 h6 10. Re1 Be6 11. Nbd2 Qd7 12. Nf1 Rad8 13. Ng3 Rfe8 14. Nh4 Bf8 15.
Nhf5 Kh7 16. Qf3 Ng8 17. Bd2 g6 18. Ne3 Bg7 19. Rad1 Nf6 20. Nd5 Bxd5 21. exd5
Ne7 22. c4 Nf5 23. Nxf5 Qxf5 24. Qxf5 gxf5 25. Ba5 Rd7 26. a4 Rb8 27. cxb5 axb5
28. Rc1 Ra8 29. Bxc7 bxa4 30. Ba2 Ne8 31. Bb6 Rb7 32. Rc6 Rab8 33. Ba5 Rxb2 34.
Bc4 e4 35. dxe4 Bd4 36. Rf1 a3 37. exf5 a2 38. Bc7 Nxc7 39. Rxc7 Rxf2 40. Bxa2
Rxf5+ 41. Kh2 Rxf1 42. Bc4 Be5+ 43. g3 Rb2+ 44. Be2 Rxe2# 0-1